000 01583nam a2200373Ia 4500
001 ebr10021637
003 CaPaEBR
006 m u
007 cr cn|||||||||
008 000925s2001 mduab sb 001 0 eng d
010 _z 00011509
020 _z0801872839
020 _z080186626X (alk. paper)
040 _aCaPaEBR
_cCaPaEBR
035 _a(OCoLC)51480792
050 1 4 _aTC455
_b.M34 2001eb
082 0 4 _a627/.094/0902
_221
100 1 _aMagnusson, Roberta J.,
_d1952-
245 1 0 _aWater technology in the Middle Ages
_h[electronic resource] :
_bcities, monasteries, and waterworks after the Roman Empire /
_cRoberta J. Magnusson.
260 _aBaltimore :
_bThe Johns Hopkins University Press,
_c2001.
300 _axiv, 238 p. :
_bill., maps.
490 1 _aJohns Hopkins studies in the history of technology
504 _aIncludes bibliographical references and index.
533 _aElectronic reproduction.
_bPalo Alto, Calif. :
_cebrary,
_d2013.
_nAvailable via World Wide Web.
_nAccess may be limited to ebrary affiliated libraries.
650 0 _aWater-supply engineering
_zEurope
_xHistory.
650 0 _aMunicipal water supply
_zEurope
_xHistory.
650 0 _aMonasteries
_zEurope
_xWater-supply
_xHistory.
650 0 _aWaterworks
_zEurope
_xHistory.
650 0 _aMiddle Ages.
655 7 _aElectronic books.
_2local
710 2 _aebrary, Inc.
830 0 _aJohns Hopkins studies in the history of technology.
856 4 0 _uhttp://site.ebrary.com/lib/rucke/Doc?id=10021637
_zAn electronic book accessible through the World Wide Web; click to view
999 _c25165
_d25165